Southville International School and Colleges
Your cart is empty.
  • Cart
  • Lists
    Public lists Eva Luna New books Lux_list list_1
    Your lists Log in to create your own lists
  • Log in to your account
  • Your cookies
  • Search history
Southville International School and Colleges
  • Advanced search
  • Recent comments
  • Most popular
  • Libraries

Log in to your account

Log in with GOOGLE


If you do not have an external account, but do have a local account, you can still log in:

  1. Home
  2. MARC view: Essentials of human anatomy & physiology :
Normal view MARC view ISBD view

Essentials of human anatomy & physiology : (Record no. 283872)

[ view plain ]
MARC details
000 -LEADER
fixed length control field 01031nam a2200409 a 4500
003 - CONTROL NUMBER IDENTIFIER
control field PILC
005 - DATE AND TIME OF LATEST TRANSACTION
control field 20150507080821.0
008 - FIXED-LENGTH DATA ELEMENTS--GENERAL INFORMATION
fixed length control field 040611s19uu xx 00 eng d
020 ## - INTERNATIONAL STANDARD BOOK NUMBER
International Standard Book Number 9812471294
050 ## - LIBRARY OF CONGRESS CALL NUMBER
Classification number QP 34.5
Item number .M264 2004
100 ## - MAIN ENTRY--PERSONAL NAME
Personal name Marieb, Elaine N.
245 ## - TITLE STATEMENT
Title Essentials of human anatomy & physiology :
Remainder of title laboratory manual /
Statement of responsibility, etc Elaine N. Marieb.
250 ## - EDITION STATEMENT
Edition statement 2nd ed.
260 ## - PUBLICATION, DISTRIBUTION, ETC. (IMPRINT)
Place of publication, distribution, etc Singapore :
Name of publisher, distributor, etc Benjamin Cummings,
Date of publication, distribution, etc 2004.
300 ## - PHYSICAL DESCRIPTION
Extent vi, 390 pages :
Other physical details illustrations ;
Dimensions 23 cm.
500 ## - GENERAL NOTE
General note Includes appendix and index.
650 ## - SUBJECT ADDED ENTRY--TOPICAL TERM
Topical term or geographic name as entry element Human anatomy
General subdivision Laboratory manuals.
650 ## - SUBJECT ADDED ENTRY--TOPICAL TERM
Topical term or geographic name as entry element Physiology
General subdivision Laboratory manuals.
942 ## - ADDED ENTRY ELEMENTS (KOHA)
Koha item type Books
Source of classification or shelving scheme Library of Congress Classification
Holdings
Withdrawn status Lost status Source of classification or shelving scheme Damaged status Home library Current library Shelving location Date acquired Source of acquisition Sub Shelving location Total Checkouts Full call number Barcode Date last seen Price effective from Koha item type
    Library of Congress Classification   Southville International School Affiliated with Foreign Universities Library Southville International School Affiliated with Foreign Universities Library Southville Foreign University Section 05/07/2015 Library Fund     QP 34.5 .M264 2004 SFU1901 05/15/2018 05/07/2015 Books

Essentials of human anatomy & physiology :

APA

Marieb E. N., . (2004). Essentials of human anatomy & physiology. Singapore: Benjamin Cummings.

Chicago

Marieb Elaine N, . 2004. Essentials of human anatomy & physiology. Singapore: Benjamin Cummings.

Harvard

Marieb E. N., . (2004). Essentials of human anatomy & physiology. Singapore: Benjamin Cummings.

MLA

Marieb Elaine N, . Essentials of human anatomy & physiology. Singapore: Benjamin Cummings. 2004.

  • Place hold
  • Print
  • Cite
  • Add to your cart (remove)
  • Save record
    BIBTEX Dublin Core MARCXML MARC (non-Unicode/MARC-8) MARC (Unicode/UTF-8) MARC (Unicode/UTF-8, Standard) MODS (XML) RIS
  • More searches
    Search for this title in:
    Other Libraries (WorldCat) Other Databases (Google Scholar) Online Stores (Bookfinder.com) Open Library (openlibrary.org)

Exporting to Dublin Core...

SOUTHVILLE LIBRARY

Southville International School and Colleges Library

1281 Tropical Ave. Cor. Luxembourg St., BF Homes International, Las Pinas City

Tel. No. 8256374 / 252358 Loc. 117/146

Powered by Koha